Aktuální problémy kapitálového plánování
Čo rozhoduje o úspešnosti a reálnosti kapitálového plánovania, metódy vyhodnocovania finančnej efektívnosti investičných variantov. Identifikácia celého spektra kapitálových výdavkov, ktoré súvisia s investíciou. Peňažné príjmy z investícií z hľadiska celkového toku peňazí vyvolaného investovaním. Z...
Enregistré dans:
| Auteur principal: | |
|---|---|
| Format: | Chapitre de livre |
| Langue: | tchèque |
| Sujets: | |
| Tags: |
Pas de tags, Soyez le premier à ajouter un tag!
|
MARC
| LEADER | 00000naa a2200000 4500 | ||
|---|---|---|---|
| 001 | r016405 | ||
| 005 | 20221205085735.1 | ||
| 041 | 0 | |a cze | |
| 044 | |a CZ | ||
| 245 | 1 | 0 | |a Aktuální problémy kapitálového plánování |c J. Valach |
| 520 | |a Čo rozhoduje o úspešnosti a reálnosti kapitálového plánovania, metódy vyhodnocovania finančnej efektívnosti investičných variantov. Identifikácia celého spektra kapitálových výdavkov, ktoré súvisia s investíciou. Peňažné príjmy z investícií z hľadiska celkového toku peňazí vyvolaného investovaním. Zohľadňovanie rizika pri kapitálovom plánovaní. Úprava diskontnej sadzby. | ||
| 610 | 2 | 0 | |a kapitál |
| 610 | 2 | 0 | |a plánovanie finančné |
| 610 | 2 | 0 | |a riadenie podnikové |
| 610 | 2 | 0 | |a investície |
| 610 | 2 | 0 | |a efektívnosť investícií |
| 610 | 2 | 0 | |a rozhodovanie podnikové |
| 610 | 2 | 0 | |a riziko |
| 610 | 2 | 0 | |a rozhodovanie finančné |
| 610 | 2 | 0 | |a sadzby diskontné |
| 100 | 1 | |a Valach, J. | |